A teoria da imprevisão no direito civil : (Record no. 694)

MARC details
000 -LÍDER
Campo Fixo de Controle 00704nam a2200241 a 4500
001 - NÚMERO DE CONTROLE
Campo de Controle 694
003 - IDENTIFICAÇÃO DO NÚMERO DE CONTROLE
Campo de Controle BR-CuiBMT
005 - DATA E HORA DA ÚLTIMA ATUALIZAÇÃO
Campo de Controle 20231113220835.0
008 - DADOS FIXOS
Dados Fixos 231113s2002 spb 000 0 por d
020 ## - INTERNATIONAL STANDARD BOOK NUMBER
Nº do ISBN 8574202894
040 ## - AGÊNCIA CATALOGADORA
Código da Agência Catalogadora BR-CuiBMT
Agência que transcreveu o registro BR-CuiBMT
080 ## - Nº DA CLASSIFICAÇÃO DECIMAL UNIVERSAL
Nº edição CDU 2007
Nº Class. CDU 347
090 ## - NÚMERO DE CHAMADA
Nº classificação 347
Cutter B732t
100 1# - ENTRADA PRINCIPAL -- AUTOR PESSOAL
Nome pessoal Borges, Nelson
245 #2 - TÍTULO PRINCIPAL
Título principal A teoria da imprevisão no direito civil :
Subtítulo com referências ao Código civil de 1916 e ao novo Código civil /
Indicação de responsabilidade Nelson Borges.
260 ## - PUBLICAÇÃO, DISTRIBUIÇÃO, ETC.
Local de publicação São Paulo :
Editora Malheiros,
Data 2002.
300 ## - DESCRIÇÃO FÍSICA
N. páginas ou volumes 824 p.:
Dimensões 21 cm
504 ## - NOTA DE BIBLIOGRAFIA, ETC.
Nota de bibliografia Inclui bibliografia.
650 ## - ASSUNTO TÓPICO
Cabeçalho tópico ou nome geográfico Direito civil
650 ## - ASSUNTO TÓPICO
Cabeçalho tópico ou nome geográfico Teoria da imprevisão
650 ## - ASSUNTO TÓPICO
Cabeçalho tópico ou nome geográfico Processo civil
942 ## - ELEMENTOS DE ENTRADA ADICIONAIS (KOHA)
Fonte de classificação ou esquema de arquivamento Classificação Decimal Universal
Tipo de item do Koha Livros
Holdings
Estado: removido Estado: perdido Fonte de classificação ou esquema de arquivamento Estado: danificado Indisponível para empréstimo Localização permanente Localização atual Data de aquisição Total Checkouts Número de Chamada completo Código de barras Date last seen Número do exemplar Preço efetivo a partir de Tipo de item (Koha)
    Classificação Decimal Universal     Biblioteca da Escola Superior de Contas do TCE/MT Biblioteca da Escola Superior de Contas do TCE/MT 02/04/2013   347 B732t BIBTCEMT23110543 13/11/2023 Ex. 1 13/11/2023 Livros

Powered by Koha